[Event "Blankenese op 1st"]
[Site "Hamburg"]
[Date "2017.10.03"]
[Round "5.31"]
[White "Schuett, Ingo"]
[Black "Fomenkov, Alexander"]
[Result "0-1"]
[WhiteElo "1496"]
[BlackElo "1777"]
[PlyCount "48"]
[EventDate "2017.09.30"]
[EventType "swiss"]
[EventRounds "7"]
[EventCountry "GER"]
[SourceTitle "EXT 2020"]
[Source "ChessBase"]
[SourceDate "2019.10.17"]
[SourceVersion "1"]
[SourceVersionDate "2019.10.17"]
[SourceQuality "1"]

1. g3 e5 2. Bg2 d5 3. c4 Nf6 4. cxd5 Nxd5 5. Nc3 c6 6. Nf3 Bd6 7. 0-0 0-0 8. d3 h6 9. Ne4 Bc7 10. Qc2 Nd7 11. Bd2 N7f6 12. Rfd1 Re8 13. Re1 Bb6 14. Rac1 Qe7 15. a3 Bg4 16. Qc4 Be6 17. Qa4 Bf5 18. Nxf6+ Nxf6 19. Bc3 e4 20. Nd4 Bg6 21. e3 exd3 22. Nxc6 bxc6 23. Bxf6 gxf6 24. Rxc6 Rac8 0-1

[Event "Hamburg-ch Seniors 22nd"]
[Site "Hamburg"]
[Date "2015.11.01"]
[Round "5"]
[White "Schuett, Ingo"]
[Black "Berking, Bernhard"]
[Result "1-0"]
[WhiteElo "1755"]
[BlackElo "1613"]
[PlyCount "51"]
[EventDate "2015.10.28"]
[EventType "swiss"]
[EventRounds "9"]
[EventCountry "GER"]
[SourceTitle "EXT 2018"]
[Source "ChessBase"]
[SourceDate "2017.10.13"]
[SourceVersion "1"]
[SourceVersionDate "2017.10.13"]
[SourceQuality "1"]

1. e4 c5 2. Nf3 d6 3. d4 cxd4 4. Nxd4 Nf6 5. f3 e5 6. Nb3 Be7 7. Be3 0-0 8. Nc3 a6 9. a4 Be6 10. g4 Nbd7 11. Qd2 Nb6 12. Qf2 Nc4 13. Bxc4 Bxc4 14. 0-0-0 Bxb3 15. cxb3 Qd7 16. g5 Nh5 17. Nd5 Bd8 18. Kb1 f5 19. Qh4 g6 20. Bb6 fxe4 21. fxe4 Rc8 22. Rhf1 Rf7 23. Bxd8 Rxf1 24. Rxf1 Qxd8 25. Qg4 Ng7 26. Qxc8 1-0

[Event "Hamburg-ch Seniors 22nd"]
[Site "Hamburg"]
[Date "2015.10.30"]
[Round "3"]
[White "Schuett, Ingo"]
[Black "Hofmeier, Arthur"]
[Result "0-1"]
[WhiteElo "1755"]
[BlackElo "1561"]
[PlyCount "70"]
[EventDate "2015.10.28"]
[EventType "swiss"]
[EventRounds "9"]
[EventCountry "GER"]
[SourceTitle "EXT 2018"]
[Source "ChessBase"]
[SourceDate "2017.10.13"]
[SourceVersion "1"]
[SourceVersionDate "2017.10.13"]
[SourceQuality "1"]

1. c4 c5 2. g3 Nf6 3. Bg2 e5 4. Nc3 Be7 5. Nf3 Nc6 6. 0-0 0-0 7. d3 h6 8. Ne1 a6 9. Nc2 Rb8 10. f4 d6 11. Ne3 Be6 12. f5 Bd7 13. h4 Nd4 14. Ncd5 Nxf5 15. Qe1 Nd4 16. Qf2 Ng4 17. Nxe7+ Qxe7 18. Nd5 Qd8 19. Qe1 Nc2 20. Qd1 Nxa1 21. e4 b5 22. Bf3 Nf6 23. Nxf6+ Qxf6 24. Bh5 Qe6 25. Bd2 bxc4 26. Qxa1 cxd3 27. g4 Kh7 28. Rf3 g6 29. Qf1 gxh5 30. Rf6 Qxg4+ 31. Qg2 Qxg2+ 32. Kxg2 Rg8+ 33. Kf3 Bg4+ 34. Ke3 Be6 35. b3 Rg6 0-1

[Event "Hamburg-ch Seniors 21st"]
[Site "Hamburg"]
[Date "2014.11.06"]
[Round "9"]
[White "Wilke, Wolfgang"]
[Black "Schuett, Ingo"]
[Result "1/2-1/2"]
[WhiteElo "1567"]
[BlackElo "1751"]
[PlyCount "27"]
[EventDate "2014.10.29"]
[EventType "swiss"]
[EventRounds "9"]
[EventCountry "GER"]
[SourceTitle "EXT 2018"]
[Source "ChessBase"]
[SourceDate "2017.10.13"]
[SourceVersion "1"]
[SourceVersionDate "2017.10.13"]
[SourceQuality "1"]

1. e4 c5 2. Nf3 d6 3. Nc3 g6 4. d4 cxd4 5. Nxd4 Bg7 6. Be3 Nf6 7. Bd3 Na6 8. 0-0 Bd7 9. Nd5 Nc5 10. Nxf6+ Bxf6 11. c3 a6 12. Bc2 h5 13. f4 Kf8 14. h3 1/2-1/2

[Event "Hamburg-ch Seniors 21st"]
[Site "Hamburg"]
[Date "2014.11.03"]
[Round "6"]
[White "Schuett, Ingo"]
[Black "Dangelowski, Peter"]
[Result "1-0"]
[WhiteElo "1751"]
[BlackElo "1681"]
[PlyCount "51"]
[EventDate "2014.10.29"]
[EventType "swiss"]
[EventRounds "9"]
[EventCountry "GER"]
[SourceTitle "EXT 2018"]
[Source "ChessBase"]
[SourceDate "2017.10.13"]
[SourceVersion "1"]
[SourceVersionDate "2017.10.13"]
[SourceQuality "1"]

1. Nf3 d5 2. d4 Nf6 3. c4 e6 4. Nc3 c6 5. e3 Bd6 6. Bd3 Nbd7 7. 0-0 0-0 8. Re1 dxc4 9. Bxc4 b5 10. Bd3 Bb7 11. e4 b4 12. e5 bxc3 13. bxc3 Be7 14. Ng5 h6 15. exf6 Nxf6 16. Ne4 Nxe4 17. Bxe4 f5 18. Bf3 Rf6 19. Qb3 Qd7 20. Bf4 g5 21. Rab1 Ba6 22. Be5 Rff8 23. g4 Bd3 24. Qb7 Qc8 25. Qxe7 Rf7 26. Qd6 1-0

[Event "Hamburg-ch Seniors 21st"]
[Site "Hamburg"]
[Date "2014.10.30"]
[Round "3"]
[White "Soltau, Achim"]
[Black "Schuett, Ingo"]
[Result "0-1"]
[WhiteElo "1893"]
[BlackElo "1751"]
[PlyCount "80"]
[EventDate "2014.10.29"]
[EventType "swiss"]
[EventRounds "9"]
[EventCountry "GER"]
[SourceTitle "EXT 2018"]
[Source "ChessBase"]
[SourceDate "2017.10.13"]
[SourceVersion "1"]
[SourceVersionDate "2017.10.13"]
[SourceQuality "1"]

1. d4 Nf6 2. Nf3 d6 3. c4 g6 4. Nc3 Bg7 5. e4 Nbd7 6. Be2 c5 7. e5 dxe5 8. dxe5 Ng8 9. e6 fxe6 10. Ng5 Qb6 11. Bg4 Ndf6 12. Bf3 Nh6 13. 0-0 Nf5 14. Re1 Nd4 15. Be3 h6 16. Nge4 0-0 17. Na4 Qc7 18. Nexc5 Nxf3+ 19. Qxf3 e5 20. Qg3 Kh7 21. Rac1 b6 22. Nd3 Nh5 23. Qh4 Bb7 24. Nc3 e4 25. Nxe4 Rad8 26. Rcd1 Qc6 27. f3 Bc8 28. b3 Nf6 29. Ne5 Qc7 30. Rxd8 Qxd8 31. Ng5+ Kg8 32. Ne4 Bf5 33. Nc6 Qd7 34. Nb4 Bxe4 35. fxe4 Ng4 36. Nd5 Nxe3 37. Nxe3 Qd2 38. Nd5 Bd4+ 39. Kh1 Bf2 40. Nxe7+ Kh7 0-1

[Event "GER-ch52 V2 email"]
[Site "GER email"]
[Date "2009.04.06"]
[Round "?"]
[White "Schuett, Ingo"]
[Black "Janke, Guenter"]
[Result "1-0"]
[WhiteElo "2356"]
[BlackElo "1324"]
[PlyCount "29"]
[EventDate "2009.??.??"]
[EventType "tourn (corr)"]
[EventRounds "6"]
[EventCountry "GER"]
[SourceTitle "Corr 2011"]
[Source "ChessBase"]
[SourceDate "2010.08.31"]
[SourceVersion "1"]
[SourceVersionDate "2010.08.31"]
[SourceQuality "1"]

1. e4 e5 2. Nf3 Nc6 3. Bb5 d6 4. d4 exd4 5. Nxd4 Bd7 6. 0-0 Qe7 7. Nc3 0-0-0 8. Nxc6 Bxc6 9. Bxc6 bxc6 10. Qd3 Kb8 11. Qa6 Qd7 12. Be3 c5 13. b4 c6 14. bxc5 d5 15. Nxd5 1-0

[Event "GER-ch39 V03 email"]
[Site "GER email"]
[Date "2007.04.15"]
[Round "?"]
[White "Ax, Paul"]
[Black "Schuett, Ingo"]
[Result "1/2-1/2"]
[WhiteElo "2023"]
[BlackElo "2356"]
[PlyCount "94"]
[EventDate "2007.??.??"]
[EventType "tourn (corr)"]
[EventRounds "10"]
[EventCountry "GER"]
[SourceTitle "Corr 2011"]
[Source "ChessBase"]
[SourceDate "2010.08.31"]
[SourceVersion "1"]
[SourceVersionDate "2010.08.31"]
[SourceQuality "1"]

1. d4 Nf6 2. Nf3 e6 3. Bg5 c5 4. e3 Be7 5. dxc5 Bxc5 6. Bd3 Nc6 7. 0-0 Be7 8. c4 0-0 9. Nc3 b6 10. Qe2 Bb7 11. Rad1 Ne8 12. Bf4 f5 13. e4 fxe4 14. Qxe4 Nf6 15. Qe2 Qe8 16. Rfe1 Qh5 17. Bg3 Rac8 18. a3 Na5 19. Ne5 d6 20. Nf3 e5 21. Nd2 Nc6 22. Qxh5 Nxh5 23. Be4 Kh8 24. Bd5 Nxg3 25. hxg3 Rb8 26. Nde4 Nd4 27. Bxb7 Rxb7 28. Nd5 Rd8 29. f4 Bf8 30. a4 Rc8 31. Nd2 g6 32. b3 Rf7 33. fxe5 dxe5 34. Rxe5 Bc5 35. Kh2 a5 36. Re3 Kg7 37. Nf3 Nxf3+ 38. Rxf3 Re8 39. Kh3 Re5 40. Rxf7+ Kxf7 41. g4 h6 42. Kg3 Re2 43. Rd3 g5 44. Nc3 Re6 45. Rf3+ Kg8 46. Nd5 Re2 47. Kh3 Rb2 1/2-1/2

[Event "GER-ch39 V03 email"]
[Site "GER email"]
[Date "2007.04.15"]
[Round "?"]
[White "Schuett, Ingo"]
[Black "Schubert, Werner"]
[Result "1-0"]
[WhiteElo "2356"]
[BlackElo "2042"]
[PlyCount "95"]
[EventDate "2007.??.??"]
[EventType "tourn (corr)"]
[EventRounds "10"]
[EventCountry "GER"]
[SourceTitle "Corr 2011"]
[Source "ChessBase"]
[SourceDate "2010.08.31"]
[SourceVersion "1"]
[SourceVersionDate "2010.08.31"]
[SourceQuality "1"]

1. d4 Nf6 2. c4 e6 3. Nf3 b6 4. a3 c5 5. d5 Ba6 6. Qc2 exd5 7. cxd5 d6 8. Nc3 g6 9. g3 Bg7 10. Bg2 0-0 11. 0-0 Re8 12. Re1 b5 13. Bf4 Nh5 14. Bg5 Qb6 15. e4 Nd7 16. Qd2 b4 17. axb4 cxb4 18. Na4 Qb7 19. Nd4 Ne5 20. Nc6 Nd3 21. Reb1 Nf6 22. Bxf6 Bxf6 23. Bf1 Ne5 24. Nxe5 Bxe5 25. Nc5 dxc5 26. Bxa6 Qd7 27. Qe2 Rab8 28. Ra5 Bd4 29. Bb5 Qd8 30. Raa1 Re7 31. Bc4 Qe8 32. Re1 Qd8 33. Ra6 Rb6 34. Rxb6 axb6 35. Kg2 Ra7 36. f4 Qa8 37. Rd1 Qb7 38. e5 b5 39. Bb3 Kf8 40. h4 Qb6 41. Qd2 Rd7 42. Kh2 Qb7 43. Qg2 Qa7 44. d6 c4 45. Ba2 Bxe5 46. fxe5 Qxa2 47. e6 fxe6 48. Rf1+ 1-0

[Event "Martin Christoffel mem Blue corr"]
[Site "Switzerland"]
[Date "2002.06.01"]
[Round "?"]
[White "Aldrete Lobo, Jorge"]
[Black "Schuett, Ingo"]
[Result "1-0"]
[WhiteElo "2510"]
[BlackElo "2547"]
[PlyCount "71"]
[EventDate "2002.06.01"]
[EventType "tourn (corr)"]
[EventRounds "8"]
[EventCountry "SUI"]
[EventCategory "11"]
[SourceTitle "Corr 2006"]
[Source "ChessBase"]
[SourceDate "2006.04.01"]
[SourceVersion "3"]
[SourceVersionDate "2006.04.01"]
[SourceQuality "1"]

1. e4 c5 2. Nf3 Nc6 3. d4 cxd4 4. Nxd4 g6 5. Nc3 Bg7 6. Be3 Nf6 7. Bc4 0-0 8. Bb3 a5 9. 0-0 d6 10. Ndb5 a4 11. Nxa4 Nxe4 12. Qe2 Ra6 13. c4 Nf6 14. h3 Bf5 15. Rad1 Na5 16. Rfe1 Nxb3 17. axb3 Bd7 18. Nac3 Re8 19. Bg5 Bc6 20. Qe3 Qd7 21. Nd4 Ra5 22. Nxc6 Qxc6 23. Bxf6 Bxf6 24. Nd5 Be5 25. Qg5 Kf8 26. b4 Ra7 27. Qh4 Kg7 28. b5 Qd7 29. b6 Ra6 30. b4 Bf6 31. Qe4 Ra4 32. c5 Kf8 33. Nxf6 exf6 34. Qd4 Re6 35. Rxe6 Qxe6 36. c6 1-0

[Event "Martin Christoffel mem Blue corr"]
[Site "Switzerland"]
[Date "2002.06.01"]
[Round "?"]
[White "Schuett, Ingo"]
[Black "Boger, Raymond"]
[Result "0-1"]
[WhiteElo "2547"]
[BlackElo "2481"]
[PlyCount "76"]
[EventDate "2002.06.01"]
[EventType "tourn (corr)"]
[EventRounds "8"]
[EventCountry "SUI"]
[EventCategory "11"]
[SourceTitle "Corr 2006"]
[Source "ChessBase"]
[SourceDate "2006.04.01"]
[SourceVersion "3"]
[SourceVersionDate "2006.04.01"]
[SourceQuality "1"]

1. e4 c5 2. Nf3 d6 3. d4 cxd4 4. Nxd4 Nf6 5. Nc3 a6 6. Bg5 e6 7. f4 Nbd7 8. Qf3 Qc7 9. 0-0-0 b5 10. Bd3 Bb7 11. Rhe1 Be7 12. a3 Qb6 13. Nb3 Rc8 14. Qg3 Rxc3 15. bxc3 Qc7 16. Kb1 e5 17. fxe5 dxe5 18. Bxf6 Bxf6 19. Bf1 Nb6 20. c4 bxc4 21. Qc3 0-0 22. Ka1 Bc6 23. Nd2 Na4 24. Qxc4 Be7 25. Nb1 Rb8 26. Rd2 Nc5 27. Bd3 Bd7 28. Qa2 Nxd3 29. Rxd3 Be6 30. c4 Bc5 31. Nc3 Bd4 32. Rb1 Re8 33. Qd2 Qc5 34. Rb7 Bxc4 35. Rg3 Qxa3+ 36. Kb1 g6 37. Qb2 Qc5 38. Qb4 Qc8 0-1

[Event "Martin Christoffel mem Blue corr"]
[Site "Switzerland"]
[Date "2002.06.01"]
[Round "?"]
[White "Schuett, Ingo"]
[Black "Hugentobler, Patrik"]
[Result "1-0"]
[WhiteElo "2547"]
[BlackElo "2480"]
[PlyCount "51"]
[EventDate "2002.06.01"]
[EventType "tourn (corr)"]
[EventRounds "8"]
[EventCountry "SUI"]
[EventCategory "11"]
[SourceTitle "Corr 2006"]
[Source "ChessBase"]
[SourceDate "2006.04.01"]
[SourceVersion "3"]
[SourceVersionDate "2006.04.01"]
[SourceQuality "1"]

1. e4 Nf6 2. e5 Nd5 3. d4 d6 4. Nf3 dxe5 5. Nxe5 c6 6. c4 Nb4 7. Be3 Bf5 8. Bd3 Nxd3+ 9. Nxd3 e6 10. Nc3 Nd7 11. 0-0 Bd6 12. f4 Nf6 13. Nf2 0-0 14. g4 Bg6 15. h4 h5 16. g5 Nd7 17. Nfe4 Bc7 18. Ng3 Qe7 19. Qe2 Qb4 20. Rac1 a6 21. b3 f6 22. Nxh5 fxg5 23. hxg5 c5 24. d5 e5 25. d6 Bxd6 26. Nd5 1-0